00833 2200277 4500001002100000005001500021035002500036008004100061020001800102082001200120090002100132100001900153245012400172250001800296260003600314300003700350650001300387700002900400700002900429850001300458007000300471084001800474999002100492990002100513990002100534YOGYA-0209000004674420250620095232 a0010-020900000046744090227s2007 yoi ind  a979-1078-10-6 a004.678 aCB-D.11 2007-641 aSaleh, Rakhmat aPanduan lengkap desain web macromedia dream weaver 8 /cRakhmat Saleh, Muslikhul Aqdi Basalama, Joko Marsodo Sudarisman aEd. 1, cet. 1 aYogyakarta :bGava Media,c2007 axvi, 218 hlm. :bilus. ;c21 cm. aInternet aBasalama, Muslikhul Aqdi aSudarisman, Joko Mursodo aBPAD DIYta a004.678 SAL p aCB-D.11/2007-641 aCB-D.11/2007-641 aCB-D.11/2007-641